[Event "POL-ch U12"]
[Site "Suwalki"]
[Date "2015.04.10"]
[Round "4.9"]
[White "Bachor, Tomasz"]
[Black "Lipiak, Mateusz"]
[Result "1-0"]
[WhiteElo "1457"]
[BlackElo "1642"]
[PlyCount "65"]
[EventDate "2015.04.08"]
[EventType "swiss"]
[EventRounds "9"]
[EventCountry "POL"]
[SourceTitle "EXT 2023"]
[Source "ChessBase"]
[SourceDate "2022.10.05"]
[SourceVersion "1"]
[SourceVersionDate "2022.10.05"]
[SourceQuality "1"]

1. e4 e6 2. d4 d5 3. e5 c5 4. c3 Qb6 5. Nf3 Nc6 6. a3 cxd4 7. cxd4 Nh6 8. Nc3 Nf5 9. Na4 Qa5+ 10. b4 Qc7 11. Bb2 Be7 12. Bd3 Nh4 13. Nxh4 Bxh4 14. Qg4 Be7 15. Qxg7 Rf8 16. 0-0 Bd7 17. Rac1 a6 18. Nc5 Bxc5 19. Rxc5 Qd8 20. Qg4 Qe7 21. Bc1 h5 22. Qxh5 Rg8 23. h4 Nxd4 24. Bg5 Qf8 25. Bf6 Bc6 26. Bh7 Bb5 27. Bxg8 Bxf1 28. Qxf7+ Qxf7 29. Bxf7+ Kxf7 30. Rc7+ Kg6 31. Kxf1 Nc6 32. g4 Rg8 33. Rxb7 1-0

[Event "POL-ch U12"]
[Site "Suwalki"]
[Date "2015.04.09"]
[Round "2.9"]
[White "Koziorowicz, Michal"]
[Black "Lipiak, Mateusz"]
[Result "0-1"]
[WhiteElo "1440"]
[BlackElo "1642"]
[PlyCount "160"]
[EventDate "2015.04.08"]
[EventType "swiss"]
[EventRounds "9"]
[EventCountry "POL"]
[SourceTitle "EXT 2023"]
[Source "ChessBase"]
[SourceDate "2022.10.05"]
[SourceVersion "1"]
[SourceVersionDate "2022.10.05"]
[SourceQuality "1"]

1. e4 Nf6 2. e5 Nd5 3. d4 d6 4. Nf3 dxe5 5. Nxe5 g6 6. c4 Nb6 7. c5 N6d7 8. Nf3 Bg7 9. Bc4 0-0 10. 0-0 e5 11. dxe5 Nxe5 12. Nxe5 Bxe5 13. Qxd8 Rxd8 14. Nc3 Nc6 15. Be3 Bf5 16. Rad1 Bxc3 17. bxc3 Rxd1 18. Rxd1 Ne5 19. Be2 c6 20. Bd4 Nd7 21. g4 Be6 22. a3 b6 23. Bf3 bxc5 24. Bxc6 Rc8 25. Bxd7 Bxd7 26. Bxc5 Bxg4 27. Rd4 Rxc5 28. Rxg4 Rxc3 29. Ra4 Rc7 30. Kg2 Kg7 31. Kg3 h5 32. h4 Rd7 33. f3 f6 34. Ra5 Kf7 35. Ra6 Kg7 36. Ra5 Kf8 37. Ra6 Rf7 38. Kf4 Kg7 39. Rc6 Rd7 40. Ra6 Kf7 41. Kg3 Rc7 42. Ra5 Ke6 43. Ra6+ Ke5 44. Ra5+ Kd4 45. Ra6 Rf7 46. Rc6 Kd5 47. Rc8 Rg7 48. Rf8 Ke5 49. Re8+ Kd6 50. Rf8 Ke5 51. Re8+ Kf5 52. a4 Rc7 53. Re4 Rc5 54. Rf4+ Ke6 55. Re4+ Kf7 56. Rd4 Ra5 57. Re4 Re5 58. Rb4 Ra5 59. Re4 Re5 60. Rb4 Ke6 61. Rc4 Ra5 62. Re4+ Kf7 63. Rb4 g5 64. Rc4 Kg6 65. Rd4 Rc5 66. Rb4 Rc3 67. hxg5 fxg5 68. Rb7 g4 69. Rxa7 Rxf3+ 70. Kg2 Ra3 71. Ra8 Kg5 72. Rf8 Rxa4 73. Rf2 Ra3 74. Rb2 Rf3 75. Rb5+ Kh4 76. Ra5 Rb3 77. Ra2 Rb4 78. Rc2 g3 79. Rc8 Rb2+ 80. Kf3 Rf2+ 0-1

[Event "POL-ch U12"]
[Site "Suwalki"]
[Date "2015.04.09"]
[Round "3.6"]
[White "Lipiak, Mateusz"]
[Black "Kabacinski, Krzysztof"]
[Result "1/2-1/2"]
[WhiteElo "1642"]
[BlackElo "1505"]
[PlyCount "80"]
[EventDate "2015.04.08"]
[EventType "swiss"]
[EventRounds "9"]
[EventCountry "POL"]
[SourceTitle "EXT 2023"]
[Source "ChessBase"]
[SourceDate "2022.10.05"]
[SourceVersion "1"]
[SourceVersionDate "2022.10.05"]
[SourceQuality "1"]

1. e4 c5 2. Nf3 d6 3. d4 cxd4 4. Nxd4 Nf6 5. Nc3 g6 6. f3 Bg7 7. Be3 0-0 8. Bc4 Nc6 9. Qd2 Nxd4 10. Bxd4 Be6 11. Bxe6 fxe6 12. 0-0-0 Qa5 13. Kb1 Rac8 14. h4 Rc4 15. Bxf6 Bxf6 16. Nd5 Qxd2 17. Nxf6+ Kf7 18. Rxd2 Kxf6 19. Rd3 Rfc8 20. c3 h5 21. Re1 R4c5 22. g3 Rg8 23. f4 e5 24. fxe5+ Rxe5 25. Rf3+ Ke6 26. Kc2 g5 27. hxg5 Rexg5 28. Ree3 Kd7 29. Kb3 R8g6 30. a4 Rf6 31. Kc4 Rg4 32. Rxf6 exf6 33. Kd5 Rg5+ 34. Kd4 Ke6 35. c4 Rg4 36. Rf3 Rg5 37. b3 a5 38. Re3 b6 39. Rf3 Rg4 40. Ke3 h4 1/2-1/2

[Event "POL Olympiad U12"]
[Site "Spala"]
[Date "2014.12.30"]
[Round "2.19"]
[White "Lipiak, Mateusz"]
[Black "Maciejewski, Kamil"]
[Result "1/2-1/2"]
[WhiteElo "1489"]
[BlackElo "1384"]
[PlyCount "82"]
[EventDate "2014.04.06"]
[EventType "swiss"]
[EventRounds "9"]
[EventCountry "POL"]
[SourceTitle "EXT 2023"]
[Source "ChessBase"]
[SourceDate "2022.10.05"]
[SourceVersion "1"]
[SourceVersionDate "2022.10.05"]
[SourceQuality "1"]

1. e4 e6 2. d4 d5 3. Nd2 c5 4. exd5 exd5 5. Ngf3 Nc6 6. Bb5 a6 7. Bxc6+ bxc6 8. 0-0 cxd4 9. Re1+ Be7 10. Nxd4 Qc7 11. N2f3 c5 12. Nb3 Bb7 13. c3 Nf6 14. Qe2 Ne4 15. Nfd2 Ng5 16. Nf3 Ne6 17. Ng5 Bxg5 18. Bxg5 0-0 19. Be3 h6 20. Qg4 Kh8 21. Rad1 Rfe8 22. f4 c4 23. Nd4 Nxd4 24. Bxd4 f6 25. f5 Qf7 26. Qf3 Rxe1+ 27. Rxe1 Re8 28. Qf2 Bc6 29. g4 Rxe1+ 30. Qxe1 Qe8 31. Qxe8+ Bxe8 32. b3 Bb5 33. Kf2 cxb3 34. axb3 a5 35. h4 a4 36. bxa4 Bxa4 37. Kf3 Kg8 38. Kf4 Kf7 39. g5 hxg5+ 40. hxg5 fxg5+ 41. Kxg5 Bb3 1/2-1/2

[Event "POL-chT U19 2nd League"]
[Site "Szczyrk"]
[Date "2014.07.27"]
[Round "4.4"]
[White "Lipiak, Mateusz"]
[Black "Kucharska, Honorata"]
[Result "1-0"]
[WhiteElo "1541"]
[BlackElo "1718"]
[PlyCount "141"]
[EventDate "2014.07.25"]
[EventType "team-swiss"]
[EventRounds "11"]
[EventCountry "POL"]
[SourceTitle "EXT 2015"]
[Source "ChessBase"]
[SourceDate "2014.11.20"]
[SourceVersion "1"]
[SourceVersionDate "2014.11.20"]
[SourceQuality "1"]
[WhiteTeam "Tczew Skoczek U19"]
[BlackTeam "Chrzanow UKS SP 8 U19"]
[WhiteTeamCountry "POL"]
[BlackTeamCountry "POL"]

1. e4 e6 2. d4 d5 3. Nd2 c5 4. Ngf3 Nc6 5. Bb5 Nf6 6. exd5 exd5 7. 0-0 Be7 8. dxc5 0-0 9. Nb3 Bg4 10. h3 Bh5 11. Bf4 a6 12. Bd3 Qd7 13. c3 Rad8 14. Be2 Bg6 15. Nfd4 Ne4 16. Re1 f5 17. Bd3 Rde8 18. Qc2 Nxc5 19. Nxc5 Bxc5 20. Rxe8 Qxe8 21. Nb3 Bb6 22. Qd2 Bh5 23. Re1 Qg6 24. Be2 Rd8 25. Bxh5 Qxh5 26. Be3 Bc7 27. Nd4 Ne5 28. b3 Qg6 29. Bf4 Re8 30. Bxe5 Rxe5 31. Rxe5 Bxe5 32. Nf3 Bc7 33. Qxd5+ Qf7 34. Qd3 h6 35. Nd4 Qe7 36. Qe3 Qxe3 37. fxe3 g6 38. Kf2 Kf7 39. Ke2 Kf6 40. Kd3 h5 41. a4 g5 42. b4 g4 43. c4 Bd6 44. c5 Be7 45. c6 bxc6 46. Nxc6 Bd6 47. Ke2 Ke6 48. Nd4+ Ke5 49. b5 axb5 50. axb5 Bc5 51. Kd3 h4 52. Ne2 Bb6 53. Nf4 Bc5 54. Ng6+ Kf6 55. Nxh4 Kg5 56. Nxf5 Kxf5 57. e4+ Kf4 58. hxg4 Kxg4 59. Kc4 Ba7 60. e5 Kf5 61. Kd5 Bb8 62. g4+ Kg6 63. b6 Kf7 64. g5 Kf8 65. Ke6 Kg7 66. Kf5 Kf7 67. e6+ Ke7 68. g6 Kf8 69. Kf6 Bd6 70. b7 Be7+ 71. Ke5 1-0

[Event "POL-ch U10"]
[Site "Szczyrk"]
[Date "2013.03.05"]
[Round "2.2"]
[White "Szczurek, Krzysztof"]
[Black "Lipiak, Mateusz"]
[Result "1-0"]
[WhiteElo "1610"]
[BlackElo "1367"]
[PlyCount "127"]
[EventDate "2013.03.04"]
[EventType "swiss"]
[EventRounds "9"]
[EventCountry "POL"]
[SourceTitle "EXT 2023"]
[Source "ChessBase"]
[SourceDate "2022.10.05"]
[SourceVersion "1"]
[SourceVersionDate "2022.10.05"]
[SourceQuality "1"]

1. d4 e6 2. c4 f5 3. Nc3 Nf6 4. Nf3 Bb4 5. Bg5 0-0 6. e3 b6 7. Bd3 Bb7 8. 0-0 Bxc3 9. bxc3 d6 10. d5 exd5 11. cxd5 Qe8 12. c4 Ne4 13. Bxe4 fxe4 14. Nd4 Na6 15. Ne6 Rf7 16. Qg4 Nc5 17. Nxc5 dxc5 18. Rfd1 Qe5 19. Bf4 Qf6 20. Qg3 Rc8 21. h3 Ba6 22. Be5 Qf5 23. Rac1 Qh5 24. Rd2 Qf5 25. Rb2 Re7 26. Bf4 h6 27. Bxh6 Qf6 28. Rb3 Qxh6 29. Ra3 Bb7 30. Rxa7 c6 31. d6 Rd7 32. Qg4 Qxd6 33. Rxb7 Rcd8 34. Rxd7 Rxd7 35. Qxe4 Re7 36. Qc2 Rf7 37. Rd1 Qf6 38. Qd2 Rf8 39. Qc2 Kh8 40. Rb1 Rb8 41. a4 Qe7 42. Qd3 Qa7 43. Qb3 Qa5 44. e4 Qd2 45. Qg3 Rb7 46. Qh4+ Kg8 47. Qg4 Rb8 48. Rd1 Qc3 49. Qe6+ Kh7 50. Qxc6 Qxc4 51. f3 Qe2 52. Qd5 Qe3+ 53. Kh1 Rf8 54. Qd3 Qh6 55. e5+ Kh8 56. Qd6 Qxd6 57. Rxd6 Rb8 58. e6 Kg8 59. Kg1 Kf8 60. Kf2 Ke7 61. Rc6 b5 62. axb5 Rxb5 63. g4 g5 64. Kg3 1-0